Regulación jurídica del contenedor en el derecho marítimo chileno
Enregistré dans:
| Auteur principal: | |
|---|---|
| Format: | Livre |
| Langue: | espagnol |
| Publié: |
Santiago
Librotecnia
2005
|
| Édition: | 1a. ed |
| Sujets: | |
| Tags: |
Ajouter un tag
Pas de tags, Soyez le premier à ajouter un tag!
|
MARC
| LEADER | 00000cam a2200000 a 4500 | ||
|---|---|---|---|
| 001 | UCJ0381 | ||
| 003 | CL-VaPUC | ||
| 008 | 060721e20050000CL |||||||||||||||||spa|d | ||
| 020 | |a 9567950245 | ||
| 082 | 0 | 4 | |a 343.83096 |b CAB |2 21 |
| 100 | 0 | |a Cabezas González, Sergio |e author |9 500532 | |
| 245 | 1 | 0 | |a Regulación jurídica del contenedor en el derecho marítimo chileno |
| 250 | |a 1a. ed | ||
| 300 | |a 187 p | ||
| 942 | |c BK | ||
| 945 | |d 20060721 00:00:00 |a cmena | ||
| 260 | |a Santiago |b Librotecnia |c 2005 | ||
| 650 | 7 | |a DERECHO MARITIMO CHILENO |2 CL-VaPUC |9 476574 | |
| 650 | 0 | |a Derecho comercial |9 256340 | |
| 650 | 0 | |a Comercio marítimo |9 352895 | |
| 650 | 0 | |a Contratos |9 255153 | |
| 650 | 7 | |a SEGUROS |2 CL-VaPUC |9 500533 | |
| 650 | 0 | |a Contenedores |9 260923 | |
| 583 | |a last modification |c 20130305 04:24:30 |k Rodrigo Vera | ||
| 999 | |c 317235 |d 317233 | ||
| 952 | |0 0 |1 0 |4 0 |6 343_830960000000000_CAB_2005 |7 0 |8 A |9 393280 |a BIBDER |b BIBDER |d 2019-11-22 |i 4256972 |o 343.83096 CAB 2005 |p 4256972 |r 2023-01-25 |w 2019-11-22 |y BK |k DER | ||